000 00648cam a22002293a 4500
001 40296
003 PGUSA
005 20140828083912.0
008 120722s2012||||xxu|||||s|||||000 | eng d
040 _aPGUSA
_beng
042 _adc
100 1 _aVerne, Jules,
_d1828-1905
245 1 0 _aΟ Σάνσελλορ
_h[electronic resource] /
_cJules Verne
260 _bProject Gutenberg,
_c2012
500 _aTranslation of: Le Chancellor
506 _aPublic domain in the USA.
516 _aElectronic text
700 1 _aFerbos, Panagiotis
830 0 _aProject Gutenberg
_v40296
856 4 0 _uhttp://www.gutenberg.org/ebooks/40296
942 _cEB
999 _c269549
_d269549